书目信息 |
| 题名: |
综合英语(一)下册考前强化训练及题解
|
|
| 作者: | 谭福红 主编 | |
| 分册: | ||
| 出版信息: | 北京 中国水利水电出版社 2001.12 |
|
| 页数: | 225页 | |
| 开本: | 20cm | |
| 丛书名: | ||
| 单 册: | ||
| 中图分类: | H31-44 | |
| 科图分类: | ||
| 主题词: | 英语 | |
| 电子资源: | ||
| ISBN: | 7-5084-0931-0 | |
| 000 | 00610nam0 2200193 45 | |
| 001 | 0254883916 | |
| 005 | 2002041115144391 | |
| 010 | @a7-5084-0931-0@dRMB 10.00 | |
| 100 | @a20020411d2001 km y0chiy0120 ea | |
| 101 | 0 | @achi |
| 102 | @aCN@b110000 | |
| 200 | 1 | @a综合英语(一)下册考前强化训练及题解@AZong He Ying Yu(Yi)Xia Ce Kao Qian Qiang Hua Xun Lian Ji Ti Jie@f谭福红主编@Ftan fu hong zhu bian |
| 210 | @a北京@c中国水利水电出版社@d2001.12 | |
| 215 | @a225页@d20cm | |
| 606 | 0 | @a英语 |
| 690 | @aH31-44@v3 | |
| 701 | 0 | @a谭福红@Atan fu hong@4主编 |
| 801 | 0 | @aCN@bPFT@c20020411 |
| 905 | @a10447@dH31-44@eT100:1:2 | |
| 综合英语(一)下册考前强化训练及题解/谭福红主编.-北京:中国水利水电出版社,2001.12 |
| 225页;20cm |
| ISBN 7-5084-0931-0:RMB 10.00 |
| ● |
| 相关链接 |
|
|
|
正题名:综合英语(一)下册考前强化训练及题解
索取号:H31-44/T100:1:2
 
预约/预借
| 序号 | 登录号 | 条形码 | 馆藏地/架位号 | 状态 | 备注 |
| 1 | 353561 | 203535610 | 语言库209/209语言库 94排2列2层/ [索取号:H31-44/T100:1:2] | 在馆 | |
| 2 | 353562 | 203535629 | 语言库209/209语言库 94排2列2层/ [索取号:H31-44/T100:1:2] | 在馆 |